000 01506nam a2200253Ia 4500
999 _c56585
_d56585
001 23699
003 GE_BSU
005 20260325172148.0
008 181216s1982||||ge |||||||||||||| ||geo||
040 _cGE_BSU
080 _a930(479.22) + 94(479.22)(09) ჯ-14
100 _aჯავახიშვილი, ი. (ივანე, 1876-1940)
_911800
245 _aთხზულებანი : 12 ტომად. ტ. 3 :
_bსაქართველოს ისტორია XIII ს-დან XVI ს-მდე /
_cი.ჯავახიშვილი ; მთავ. რედ. დ. ჩხიკვიშვილი, ტომის რედ. მ. დუმბაძე ; საქ. სსრ მეცნ. აკადემია, თბილისის სახ. უნ-ტი .
264 _aთბილისი :
_bთბილ. უნ-ტის გამ-ბა,
_c1982.
300 _a509 გვ. ;
_c26 სმ.
500 _aკომენტარები: გვ. 466-476
541 _h12 ლ.
653 _aთხზულებანი : 12 ტომად. ტ. 3
653 _aსაქართველოს ისტორია XIII ს-დან XVI ს-მდე
653 _aქართული ისტორიოგრაფია
700 _a ჩხიკვიშვილი, დ.
_eმთ. რედაქტორი
_927216
700 _aდუმბაძე, მ.
_eტომის რედაქტორი
_927217
942 _cBK
_2udc